logo

Bir Sreshtho Munshi Abdur Rouf Library
Jhenaidah Cadet College

C ল্যাংগুয়েজ কমপ্লিট রেফারেন্স / (Record no. 11962)

MARC details
000 -LEADER
fixed length control field 00763nam a2200229 a 4500
001 - CONTROL NUMBER
JCCL Control Number 11962
003 - CONTROL NUMBER IDENTIFIER
JCCL marc code BD-JhCC
005 - DATE AND TIME OF LATEST TRANSACTION
control field 20210228100032.0
008 - FIXED-LENGTH DATA ELEMENTS--GENERAL INFORMATION
fixed length control field 210228b20002015bg |||| ||a| 001 0 mul d
020 ## - INTERNATIONAL STANDARD BOOK NUMBER
International Standard Book Number 9789848812778
035 ## - SYSTEM CONTROL NUMBER
system control number (BD-JhCC)11962
040 ## - CATALOGING SOURCE
Original cataloging agency BD-JhCC
Modifying agency BD-JhCC
041 ## - LANGUAGE CODE
Language code of Book mul
082 ## - DEWEY DECIMAL CLASSIFICATION NUMBER
Classification number 001.6424
Author mark and Year HAB 2015
100 ## - MAIN ENTRY--PERSONAL NAME
Personal name হাবিব, সরদার তারেক
245 ## - TITLE STATEMENT
Title C ল্যাংগুয়েজ কমপ্লিট রেফারেন্স /
Statement of responsibility, etc সরদার তারেক হাবিব
260 ## - PUBLICATION, DISTRIBUTION, ETC. (IMPRINT)
Place of publication, distribution, etc ঢাকা:
Name of publisher, distributor, etc জ্ঞানকোষ প্রকাশনী;
Date of publication, distribution, etc ২০১৫.
300 ## - PHYSICAL DESCRIPTION
Pagination 756
Dimensions 24 cm.
650 ## - SUBJECT ADDED ENTRY--TOPICAL TERM
Topical term or geographic name as entry element C (Computer program language)
942 ## - ADDED ENTRY ELEMENTS (KOHA)
Source of classification or shelving scheme Dewey Decimal Classification
Koha item type Books
Holdings
Source of classification or shelving scheme Damaged status Not for loan Home library Current library Shelving location Date of accession Cost, normal purchase price Total Checkouts Full call number Barcode Date last seen Date checked out Copy number Koha item type
Dewey Decimal Classification     JCC Rouf Library JCC Rouf Library General Stacks 02/28/2021 300.00 1 001.6424 HAB 2015 16458 10/23/2023 10/16/2023 C-1 Books

JCC Library | Contacts | JCC Home

Last Update on 23 September 2017
Copyright @ 2017-2020 JCC Rouf Library
Rouf Library, Jhenidah Cadet College (JCC), Bangladesh